00671nam a2200193Ia 4500001000700000003000500007005001700012008004100029010001100070040000900081100003300090245010400123260004100227300001000268502007600278650003000354650005700384650003600441Z_3644CHAP20250909174644.0220113s2001 xx 000 0 und d a166726 cCHAP aHernández Corona, Lilliana aLa producción orgánica : una alternativa para la zootecnia /cpor Lilliana Hernández corona aChapingo, Méx. :bEl autor,c2001 a86 h. aTesis (Ing. Agr. Esp. en Zootecnia) -- UACH. Departamento de Zootecnia aAgrícultura orgánica  aProductos pecuariosxAspectos económicosxMéxico aProductos pecuariosxProcesado